[Event "IECC M email"]
[Site "IECC email"]
[Date "2003.09.23"]
[Round "?"]
[White "Shinn, Samuel E"]
[Black "Ramieri, Paolo"]
[Result "0-1"]
[WhiteElo "1079"]
[BlackElo "1000"]
[PlyCount "66"]
[EventDate "2003.??.??"]
[EventType "tourn (corr)"]
[EventRounds "6"]
[SourceTitle "Corr 2008"]
[Source "ChessBase"]
[SourceDate "2008.06.24"]
[SourceVersion "1"]
[SourceVersionDate "2008.06.24"]
[SourceQuality "1"]

1. e4 e6 2. Nf3 d5 3. Nc3 Nf6 4. d4 Bb4 5. e5 Bxc3+ 6. bxc3 Ne4 7. Qe2 Nxc3 8. Qd3 Ne4 9. Ba3 f6 10. exf6 Qxf6 11. c4 Nc6 12. cxd5 exd5 13. Qb3 Nxd4 14. Qa4+ Nc6 15. Rd1 Nc3 16. Qh4 Nxd1 17. Qxf6 gxf6 18. Kxd1 Be6 19. Bb5 d4 20. Re1 Kf7 21. Bxc6 bxc6 22. Nxd4 Rad8 23. Re4 Bf5 24. Rf4 Rhe8 25. Bb2 c5 26. Rxf5 cxd4 27. Rh5 Kg6 28. Rc5 d3 29. Rc6 d2 30. Rxf6+ Kg5 31. f4+ Kg4 32. Rf7 Re1+ 33. Kc2 d1Q+ 0-1

[Event "IECC M email"]
[Site "IECC email"]
[Date "1999.12.27"]
[Round "?"]
[White "Miller, John A"]
[Black "Shinn, Samuel E"]
[Result "0-1"]
[WhiteElo "950"]
[BlackElo "1060"]
[PlyCount "56"]
[EventDate "1999.??.??"]
[EventType "tourn (corr)"]
[EventRounds "6"]
[SourceTitle "Corr 2008"]
[Source "ChessBase"]
[SourceDate "2008.06.24"]
[SourceVersion "1"]
[SourceVersionDate "2008.06.24"]
[SourceQuality "1"]

1. e4 c5 2. Bc4 d6 3. Qf3 Nf6 4. Qb3 Be6 5. Na3 a6 6. Qxb7 Nbd7 7. c3 Qb8 8. Qc6 g6 9. d4 cxd4 10. cxd4 Bg7 11. d5 Qc8 12. Qa4 Bg4 13. f3 Bh5 14. h3 0-0 15. f4 Nxe4 16. Nf3 Ndc5 17. Qc2 Ng3 18. Rh2 Nce4 19. Ng5 Qc5 20. Nxe4 Qg1+ 21. Kd2 Qxh2 22. Qb3 Nxe4+ 23. Kd3 Nc5+ 24. Kd2 Nxb3+ 25. axb3 Qxg2+ 26. Ke1 Rac8 27. b4 Rxc4 28. Ra2 Qe2# 0-1

[Event "IECC CL6-1999.07"]
[Site "IECC email"]
[Date "1999.02.15"]
[Round "?"]
[White "Shinn, Samuel E"]
[Black "Casey, Anthony"]
[Result "0-1"]
[WhiteElo "1069"]
[BlackElo "1248"]
[PlyCount "56"]
[EventDate "1999.??.??"]
[EventType "tourn (corr)"]
[EventRounds "4"]
[SourceTitle "Corr 2008"]
[Source "ChessBase"]
[SourceDate "2008.06.24"]
[SourceVersion "1"]
[SourceVersionDate "2008.06.24"]
[SourceQuality "1"]

1. e4 g6 2. Bc4 Bg7 3. Nf3 d6 4. d3 e6 5. 0-0 Ne7 6. Nc3 0-0 7. Bg5 c6 8. Bh4 d5 9. Bb3 Bxc3 10. bxc3 dxe4 11. Ng5 exd3 12. cxd3 h6 13. Nf3 g5 14. Nxg5 hxg5 15. Bxg5 f6 16. Bh6 Rf7 17. Qg4+ Kh8 18. Bxe6 Bxe6 19. Qxe6 Qd5 20. Rae1 Nd7 21. c4 Qxe6 22. Rxe6 Nc5 23. Re3 Nf5 24. Rh3 Rh7 25. Rh5 Rxh6 26. Rxf5 Nxd3 27. g3 Ne5 28. Rd1 Nxc4 0-1

[Event "IECC M email"]
[Site "IECC email"]
[Date "1999.01.31"]
[Round "?"]
[White "Poon, Conrad"]
[Black "Shinn, Samuel E"]
[Result "1-0"]
[WhiteElo "1000"]
[BlackElo "1096"]
[PlyCount "47"]
[EventDate "1999.??.??"]
[EventType "tourn (corr)"]
[EventRounds "6"]
[SourceTitle "Corr 2008"]
[Source "ChessBase"]
[SourceDate "2008.06.24"]
[SourceVersion "1"]
[SourceVersionDate "2008.06.24"]
[SourceQuality "1"]

1. e4 c5 2. c3 d5 3. exd5 Qxd5 4. d4 cxd4 5. cxd4 Nc6 6. Nf3 Bg4 7. Nc3 Bxf3 8. gxf3 Qxd4 9. Qxd4 Nxd4 10. Nb5 Ne6 11. Bh3 a6 12. Bxe6 axb5 13. Bd5 Nf6 14. Bxb7 Rd8 15. Bc6+ Nd7 16. Be3 e6 17. Rd1 Bb4+ 18. Bd2 Be7 19. Ba5 0-0 20. Bxd8 Rxd8 21. Rxd7 Bb4+ 22. Ke2 Rb8 23. Rhd1 g6 24. Rd8+ 1-0

[Event "IECC CL7-1999.08"]
[Site "IECC email"]
[Date "1999.01.01"]
[Round "?"]
[White "Huang, Peter"]
[Black "Shinn, Samuel E"]
[Result "1-0"]
[WhiteElo "1060"]
[BlackElo "1138"]
[PlyCount "23"]
[EventDate "1999.??.??"]
[EventType "tourn (corr)"]
[EventRounds "4"]
[SourceTitle "Corr 2008"]
[Source "ChessBase"]
[SourceDate "2008.06.24"]
[SourceVersion "1"]
[SourceVersionDate "2008.06.24"]
[SourceQuality "1"]

1. e4 c5 2. c4 Nc6 3. Nf3 d6 4. g3 Nf6 5. Nc3 Nd4 6. Nxd4 cxd4 7. Ne2 Bg4 8. d3 Bf3 9. Rg1 Ng4 10. Bh3 Nxh2 11. Qa4+ Qd7 12. Qxd7# 1-0

[Event "IECC CL7-1999.08"]
[Site "IECC email"]
[Date "1999.01.01"]
[Round "?"]
[White "Shinn, Samuel E"]
[Black "Brookshire, Tommy"]
[Result "0-1"]
[WhiteElo "1125"]
[BlackElo "990"]
[PlyCount "86"]
[EventDate "1999.??.??"]
[EventType "tourn (corr)"]
[EventRounds "4"]
[SourceTitle "Corr 2008"]
[Source "ChessBase"]
[SourceDate "2008.06.24"]
[SourceVersion "1"]
[SourceVersionDate "2008.06.24"]
[SourceQuality "1"]

1. e4 e5 2. Bc4 Nf6 3. Nf3 Nc6 4. Nc3 Bc5 5. d3 d6 6. Ng5 0-0 7. 0-0 Bg4 8. Qd2 Qc8 9. h3 Bh5 10. Nd5 Nxd5 11. Bxd5 Nd4 12. Kh1 h6 13. b4 Bb6 14. c3 Nb5 15. a4 Nxc3 16. Qxc3 Bd4 17. Qc4 Bxa1 18. Be3 Bd4 19. Bxd4 exd4 20. Nxf7 Bxf7 21. Bxf7+ Rxf7 22. Qxd4 Qe6 23. f4 Qd7 24. b5 a6 25. b6 c5 26. Qc4 a5 27. f5 Kf8 28. g4 Qc6 29. Rb1 Ra6 30. Rb5 Rxb6 31. Rxa5 Ra6 32. Rb5 b6 33. a5 Kg8 34. Kg2 Kh7 35. Kg3 Rf8 36. Kh4 bxa5 37. g5 hxg5+ 38. Kxg5 d5 39. Qb3 dxe4 40. Qd1 Qh6+ 41. Kg4 Rg6+ 42. fxg6+ Qxg6+ 43. Kh4 Rf4+ 0-1

[Event "IECC M email"]
[Site "IECC email"]
[Date "1998.10.24"]
[Round "?"]
[White "Keller, Stephen G"]
[Black "Shinn, Samuel E"]
[Result "0-1"]
[WhiteElo "962"]
[BlackElo "1122"]
[PlyCount "40"]
[EventDate "1998.??.??"]
[EventType "tourn (corr)"]
[EventRounds "12"]
[SourceTitle "Corr 2008"]
[Source "ChessBase"]
[SourceDate "2008.06.24"]
[SourceVersion "1"]
[SourceVersionDate "2008.06.24"]
[SourceQuality "1"]

1. e4 c5 2. Bc4 Nc6 3. Nf3 d6 4. Ng5 e6 5. d3 h6 6. Nf3 Nf6 7. Nc3 Be7 8. 0-0 0-0 9. h3 d5 10. exd5 exd5 11. Bb5 Bd7 12. Bxc6 Bxc6 13. Ne5 d4 14. Nxc6 bxc6 15. Qf3 dxc3 16. bxc3 Nd5 17. Qg3 Nxc3 18. Re1 Bh4 19. Qg4 f5 20. Qg6 Qd5 0-1

[Event "IECC M email"]
[Site "IECC email"]
[Date "1998.10.24"]
[Round "?"]
[White "Shinn, Samuel E"]
[Black "Keller, Stephen G"]
[Result "1-0"]
[WhiteElo "1122"]
[BlackElo "962"]
[PlyCount "39"]
[EventDate "1998.??.??"]
[EventType "tourn (corr)"]
[EventRounds "12"]
[SourceTitle "Corr 2008"]
[Source "ChessBase"]
[SourceDate "2008.06.24"]
[SourceVersion "1"]
[SourceVersionDate "2008.06.24"]
[SourceQuality "1"]

1. e4 e5 2. Nf3 Nc6 3. Bc4 d6 4. Nc3 Nf6 5. d3 Bg4 6. h3 Bxf3 7. Qxf3 Be7 8. Be3 0-0 9. 0-0-0 Na5 10. Kb1 Nxc4 11. dxc4 c5 12. Bxc5 d5 13. Bxe7 Qxe7 14. Nxd5 Nxd5 15. exd5 Qc5 16. Qe4 Rfc8 17. b3 Qxf2 18. g4 Re8 19. Rhf1 Qh4 20. Qf5 1-0

[Event "IECC CL7-1998.19"]
[Site "IECC email"]
[Date "1998.09.25"]
[Round "?"]
[White "Richard, Andy"]
[Black "Shinn, Samuel E"]
[Result "0-1"]
[WhiteElo "942"]
[BlackElo "1085"]
[PlyCount "78"]
[EventDate "1998.??.??"]
[EventType "tourn (corr)"]
[EventRounds "4"]
[SourceTitle "Corr 2008"]
[Source "ChessBase"]
[SourceDate "2008.06.24"]
[SourceVersion "1"]
[SourceVersionDate "2008.06.24"]
[SourceQuality "1"]

1. d4 d5 2. c4 dxc4 3. Nf3 Nf6 4. e3 b5 5. a4 c6 6. axb5 cxb5 7. b3 Be6 8. bxc4 bxc4 9. Bxc4 Bxc4 10. Qa4+ Nbd7 11. Qxc4 Rc8 12. Qxc8 Qxc8 13. 0-0 Qc7 14. Ba3 e6 15. Bxf8 Nxf8 16. Nbd2 Ng6 17. Rfc1 Qd7 18. Nc4 0-0 19. h3 Rc8 20. Nce5 Rxc1+ 21. Rxc1 Nxe5 22. Nxe5 Qb7 23. f3 g6 24. e4 Qb2 25. Rd1 Nh5 26. Ng4 Nf4 27. Ne3 Qe2 28. d5 Qxe3+ 29. Kh2 a5 30. Ra1 Qc3 31. Rg1 a4 32. g3 Qb2+ 33. Kh1 Ne2 34. Rg2 a3 35. Kh2 a2 36. h4 a1Q 37. Kh3 Nf4+ 38. gxf4 Qh1+ 39. Rh2 Qbxh2+ 0-1

[Event "IECC CL7-1998.19"]
[Site "IECC email"]
[Date "1998.09.25"]
[Round "?"]
[White "Shinn, Samuel E"]
[Black "Hutton, Andrew D"]
[Result "1-0"]
[WhiteElo "1094"]
[BlackElo "1136"]
[PlyCount "83"]
[EventDate "1998.??.??"]
[EventType "tourn (corr)"]
[EventRounds "4"]
[SourceTitle "Corr 2008"]
[Source "ChessBase"]
[SourceDate "2008.06.24"]
[SourceVersion "1"]
[SourceVersionDate "2008.06.24"]
[SourceQuality "1"]

1. e4 e5 2. Nf3 d6 3. Bc4 h6 4. Nc3 Nf6 5. d3 Bg4 6. h3 Bh5 7. 0-0 Qd7 8. Be3 Nc6 9. Nd5 0-0-0 10. Nxf6 gxf6 11. Bd5 Rg8 12. Kh1 Bg4 13. hxg4 Qxg4 14. Rg1 Rg7 15. Nh2 Qh4 16. Bxc6 Rh7 17. g3 Qh3 18. Ba4 Be7 19. Qg4+ Qxg4 20. Nxg4 h5 21. Nh2 c5 22. b4 Kb8 23. bxc5 dxc5 24. Rab1 b6 25. f4 Kc7 26. f5 a6 27. c3 b5 28. Bd1 Rxd3 29. Nf1 Rxc3 30. Rg2 c4 31. a4 b4 32. a5 Ra3 33. Bb6+ Kb7 34. Rd2 Rd3 35. Rc1 Rxd2 36. Nxd2 c3 37. Nf3 Bf8 38. Bb3 Kc6 39. Ba4+ Kb7 40. Ne1 h4 41. g4 Rg7 42. Rd1 1-0